[Event "Titled Tue 5th Sep Early"]
[Site "chess.com INT"]
[Date "2023.09.05"]
[Round "5"]
[White "Artemiev, V."]
[Black "Timofeev, Arty"]
[Result "1-0"]
[WhiteElo "2697"]
[BlackElo "2576"]
[PlyCount "87"]
[EventDate "2023.09.05"]

1. Nf3 d5 2. g3 Bf5 3. c4 c6 4. Qb3 Qb6 5. cxd5 Qxb3 6. axb3 cxd5 $146 ({RR} 6... Bxb1 7. dxc6 Nxc6 8. Rxb1 e6 9. e3 Bb4 10. Ra1 Nge7 11. Bc4 O-O 12. Ke2 a6 13. d4 b5 14. Bd3 Rfd8 15. Rd1 Bd6 16. Ng5 g6 17. Ne4 e5 18. Bxb5 exd4 19. Rxa6 Rxa6 20. Bxa6 Be5 21. Bc4 {Movahed,S (2463)-Palamar,S (1813) Khanty-Mansiysk RUS 2024 1-0 (31)}) ({RR} 6... Bxb1 7. dxc6 Nxc6 8. Rxb1 e5 9. d3 Nf6 10. Bg2 Bd6 11. Nd2 Rc8 12. Nc4 Bb8 13. Bd2 O-O 14. b4 b5 15. Na3 a6 16. Rc1 Nd4 17. Rc3 Rcd8 18. e3 Ne6 19. Ke2 Rd6 20. Rc6 Rxc6 21. Bxc6 {Strikovic,A (2367)-Krilovs,N (2112) Vecindario ESP 2025 1-0 (51)}) 7. Nc3 Nf6 8. Nb5 Kd8 9. Ne5 Be6 10. Nd4 Ke8 11. Nxe6 fxe6 12. Bh3 Nbd7 13. d4 g6 14. Bxe6 Bg7 15. O-O Nb6 16. Bd2 Ne4 17. Ba5 Ng5 18. Bg4 Bxe5 19. Bxb6 Bf6 20. h4 Ne4 21. Be6 Nd2 22. Rfd1 Nxb3 23. Ra3 h5 24. e3 g5 25. hxg5 Bxg5 26. Bc7 Rh6 27. Bxd5 Rc8 28. Be5 Nc1 29. Rxa7 h4 30. Rxb7 hxg3 31. Bxg3 Ne2+ 32. Kg2 Nxg3 33. Kxg3 Bh4+ 34. Kf3 Rf6+ 35. Ke4 Bxf2 36. Rh1 Bg3 37. Rh8+ Rf8 38. Rxf8+ Kxf8 39. b4 Bd6 40. b5 Rc3 41. b6 Ba3 42. Ra7 Bc1 43. b7 Rxe3+ 44. Kf5 1-0

[Event "Titled Tue 5th Sep Early"]
[Site "chess.com INT"]
[Date "2023.09.05"]
[Round "5"]
[White "Visakh, N R"]
[Black "Dardha, Daniel"]
[Result "1-0"]
[WhiteElo "2535"]
[BlackElo "2586"]
[PlyCount "115"]
[EventDate "2023.09.05"]

1. Nf3 d5 2. b3 Bf5 3. Bb2 h6 4. g3 c6 5. Bg2 Nf6 6. O-O e6 7. d3 Be7 8. Nbd2 a5 9. a3 Nbd7 10. c4 O-O 11. Ra2 Bh7 12. Qa1 b5 13. Nd4 Qb6 14. cxb5 cxb5 15. a4 b4 16. Nb5 Rac8 17. Bd4 ({RR} 17. Nf3 Bc5 18. Ne5 Nb8 19. e3 Na6 20. Rc1 Rfd8 21. Bf1 Ne8 22. Nf3 Qb7 23. Ne1 Be7 24. Bd4 Nc5 25. Bxc5 Rxc5 26. Rxc5 Bxc5 27. d4 Be7 28. Bd3 Bxd3 29. Nxd3 Rc8 30. Ne1 Nd6 31. Nxd6 Bxd6 {Pribelszky,B (2368)-Kaasen,T (2450) Budapest HUN 2024 ½-½ (37)}) 17... Qb8 $146 ({RR} 17... Bc5 18. Bxc5 Rxc5 19. Rc1 Rfc8 20. Rac2 Rxc2 {0-1 (20) Espinoza Villanueva,R (1899)-Szpar,M (2485) chess.com INT 2023}) 18. Nf3 Bc5 19. Rc1 Bxd4 20. Nfxd4 Qb6 21. Rac2 Rxc2 22. Rxc2 e5 23. Rc6 Qb8 24. Nc2 Rc8 25. Rxc8+ Qxc8 26. Ne3 Qc5 27. d4 exd4 28. Qxd4 Be4 29. Bxe4 Nxe4 30. Nxd5 Qxd4 31. Nxd4 Ndc5 32. Ne7+ Kf8 33. Nec6 Nb7 34. f3 Nd2 35. e4 Ke8 36. Kf2 Kd7 37. Ke3 Nf1+ 38. Kf4 Nxh2 39. Ne5+ Ke7 40. Ke3 Nf1+ 41. Kf2 Nd2 42. Ke2 Nb1 43. Kd3 Na3 44. Nf5+ Kf8 45. Kd4 Nd8 46. Nd7+ Ke8 47. Nc5 g6 48. Nd6+ Ke7 49. Nc4 Nc6+ 50. Kd5 Nxc4 51. Kxc4 Ne5+ 52. Kb5 Nxf3 53. Kxa5 h5 54. Kb6 Ng5 55. a5 h4 56. gxh4 Nf3 57. a6 Ne5 58. a7 1-0

[Event "Titled Tue 5th Sep Early"]
[Site "chess.com INT"]
[Date "2023.09.05"]
[Round "6"]
[White "Visakh, N R"]
[Black "Le Tuan Minh"]
[Result "1-0"]
[WhiteElo "2535"]
[BlackElo "2559"]
[PlyCount "107"]
[EventDate "2023.09.05"]

1. Nf3 d5 2. b3 Nf6 3. Bb2 Bf5 4. g3 e6 5. Bg2 h6 6. O-O Be7 7. d3 O-O 8. Nbd2 a5 9. a3 Bh7 10. c4 c6 11. Ra2 Nbd7 12. Qa1 Re8 13. Rc1 Bd6 14. Ne5 Nxe5 15. Bxe5 Bf8 16. Nf3 $146 ({RR} 16. Bc3 Nd7 17. b4 Nb6 18. bxa5 Na4 19. Bb4 c5 20. Nb3 b6 21. Be1 bxa5 22. Qe5 Qb6 23. Rb1 Rab8 24. Raa1 Bd6 25. Qh5 Bg6 26. Qf3 Be5 27. Nd2 Qc7 28. Rxb8 Rxb8 29. Rc1 Bb2 30. Rc2 d4 {Carlsen,M (2847)-Ding,L (2799) chess24.com INT 2021 0-1 (48)}) 16... Nd7 17. Bc3 Nc5 18. Nd2 a4 19. b4 Nb3 20. Nxb3 axb3 21. Rb2 dxc4 22. dxc4 Bc2 23. c5 Qg5 24. e3 Red8 25. Bf3 Be7 26. Bd1 Rxd1+ 27. Rxd1 Qf5 28. Rd2 Be4 29. f4 Bd5 30. Rd4 Bf6 31. Rxd5 Qxd5 32. Bxf6 gxf6 33. a4 Qd3 34. Kf2 Qc3 35. Qb1 Rd8 36. Rxb3 Qd2+ 37. Kf3 Qxh2 38. Rd3 Qh5+ 39. Kf2 Ra8 40. a5 Kg7 41. Qd1 Qh2+ 42. Kf3 e5 43. Rd8 e4+ 44. Kxe4 Qg2+ 45. Kf5 Qh3+ 46. g4 Qxe3 47. Rd6 Re8 48. Qd4 Qxd4 49. Rxd4 Re7 50. Rd6 Re3 51. Rd7 Rb3 52. Rxb7 Rd3 53. a6 Ra3 54. a7 1-0

[Event "Titled Tue 5th Sep Early"]
[Site "chess.com INT"]
[Date "2023.09.05"]
[Round "6"]
[White "Nihal, Sarin"]
[Black "Samunenkov, Ihor"]
[Result "1-0"]
[WhiteElo "2694"]
[BlackElo "2517"]
[PlyCount "153"]
[EventDate "2023.09.05"]

1. Nf3 d5 2. b3 c6 3. Bb2 Bf5 4. e3 e6 5. c4 Nf6 6. Nc3 h6 7. d4 Nbd7 8. Bd3 Bxd3 9. Qxd3 Be7 10. O-O O-O 11. e4 dxe4 12. Nxe4 c5 13. Rad1 cxd4 $146 ({RR} 13... Qc7 14. Rfe1 cxd4 15. Nxd4 a6 16. Ng3 Rfd8 17. Qe2 Nf8 18. Nf3 Ng6 19. Ne5 Nf8 20. h3 Bb4 21. Rf1 N8d7 22. Nd3 Be7 23. Ne4 Nxe4 24. Qxe4 Bf6 25. Ba3 Rac8 26. Rfe1 Nf8 27. Bb4 Ng6 28. Nc1 {Fiorito,F (2434)-Shapiro,V (2074) chess.com INT 2024 ½-½ (92)}) 14. Bxd4 Qc7 15. Nxf6+ Bxf6 16. Qe3 Bxd4 17. Rxd4 Nf6 18. Rfd1 Rfd8 19. h3 b6 20. Ne5 Rac8 21. b4 Rxd4 22. Qxd4 Qe7 23. a3 Qe8 24. Qd6 Qa4 25. Rd3 Qc2 26. Qd4 Qc1+ 27. Kh2 Qc2 28. g3 Qe2 29. Kg2 h5 30. Re3 Qc2 31. Rd3 Qe2 32. Rd2 Qe1 33. h4 Qc1 34. Rd3 Qc2 35. Re3 Qc1 36. Qd6 Ng4 37. Nxg4 hxg4 38. Rxe6 Qxc4 39. Re7 Qb3 40. Qf4 Qd5+ 41. Kh2 Rc4 42. Qb8+ Kh7 43. Qb7 Qxb7 44. Rxb7 f5 45. Rxa7 Rc2 46. Kg2 Ra2 47. Ra6 Ra1 48. b5 g6 49. a4 Kh6 50. Ra8 Ra2 51. Ra7 Ra1 52. Ra6 Ra2 53. Rxb6 Rxa4 54. Rc6 Rb4 55. b6 Rb1 56. Rd6 Kh7 57. Rd7+ Kh6 58. b7 Rb2 59. Kf1 g5 60. hxg5+ Kxg5 61. Ke1 f4 62. Kd1 fxg3 63. fxg3 Kf5 64. Kc1 Rb6 65. Kc2 Ke4 66. Rf7 Ke3 67. Kc3 Ke2 68. Kc4 Rb1 69. Kc5 Rc1+ 70. Kd6 Rb1 71. Kc7 Rc1+ 72. Kd8 Rb1 73. Kc8 Rc1+ 74. Rc7 Rb1 75. b8=Q Rxb8+ 76. Kxb8 Kf2 77. Rc3 1-0

[Event "Titled Tue 5th Sep Early"]
[Site "chess.com INT"]
[Date "2023.09.05"]
[Round "7"]
[White "Oparin, G."]
[Black "Navara, D."]
[Result "1-0"]
[WhiteElo "2681"]
[BlackElo "2688"]
[PlyCount "61"]
[EventDate "2023.09.05"]

1. Nf3 d5 2. e3 Nf6 3. c4 e6 4. Nc3 c5 5. cxd5 exd5 6. d4 Nc6 7. Bb5 cxd4 8. Nxd4 Bd7 9. O-O Bd6 10. Nf3 a6 11. Be2 Be6 12. b3 O-O 13. Bb2 Qe7 14. Rc1 Rad8 15. h3 $146 ({RR} 15. Nd4 Bd7 16. Nxc6 Bxc6 17. Nb1 Be5 18. Ba3 Bd6 19. Bxd6 Rxd6 20. Qd4 Ne4 21. Nc3 Ng5 22. Rfd1 Ne6 23. Qb4 d4 24. exd4 Nxd4 25. Bg4 Nf3+ {0-1 (25) Nakamura,H (2768)-Niemann,H (2687) Chess.com INT 2022}) ({RR} 15. Na4 Ne4 16. Bxa6 Nb4 17. Qd4 f6 18. Bb5 Nxa2 19. Ra1 Nb4 20. Rfc1 Kh8 21. Qd1 Qf7 22. Nd4 Bc8 23. Nb6 Qg6 24. Nxc8 Rxc8 25. Bd7 Rxc1 26. Rxc1 Qh6 27. f4 Qh4 28. g3 Qh6 29. Ba3 Qg6 {Tscheuschner,G (2168)-Shepherd,T (1937) Reykjavik ISL 2025 1-0 (56)}) 15... Bb8 16. Re1 Ba7 17. Bd3 d4 18. exd4 Nxd4 19. Ne4 Nxe4 20. Rxe4 Nxf3+ 21. Qxf3 Qg5 22. Re2 Bd5 23. Be4 Bxe4 24. Qxe4 Rd2 25. Rce1 Qd8 26. Qg4 f6 27. Re7 Bxf2+ 28. Kh1 Qxe7 29. Rxe7 Rd1+ 30. Qxd1 Bg1 31. Qd5+ 1-0

[Event "Titled Tue 5th Sep Early"]
[Site "chess.com INT"]
[Date "2023.09.05"]
[Round "7"]
[White "Artemiev, V."]
[Black "Visakh, N R"]
[Result "1-0"]
[WhiteElo "2697"]
[BlackElo "2535"]
[PlyCount "65"]
[EventDate "2023.09.05"]

1. Nf3 Nf6 2. g3 d5 3. Bg2 g6 4. c4 c6 5. Qa4 Nbd7 6. cxd5 cxd5 7. Nc3 Bg7 8. O-O O-O 9. d4 Nb6 10. Qb3 Ne4 11. a4 Nxc3 12. bxc3 Nc4 $146 ({RR} 12... a5 13. Bf4 Bd7 14. Rfb1 Ra6 15. Bf1 Bc6 16. e4 Nc4 17. Bxc4 dxc4 18. Qc2 e6 19. Qe2 f5 20. Ng5 fxe4 21. Nxe6 Qd5 22. Nc7 Qf7 23. Nxa6 bxa6 24. Rb6 Qd5 25. Rxa6 e3 26. f3 g5 27. Rxc6 {Bernadskiy,V (2554)-Matviishen,V (2494) Omelnyk 2019 1-0 (40)}) ({RR} 12... Bg4 13. Re1 Qd7 14. Nd2 Rfc8 15. a5 Nc4 16. e4 Be6 17. exd5 Bxd5 18. Rxe7 Qxe7 19. Bxd5 Qe1+ 20. Nf1 Nd2 21. Qb5 Bxd4 22. Bxf7+ Kxf7 23. Qd7+ Qe7 24. Qd5+ Qe6 25. Qxb7+ Qe7 26. Qd5+ Qe6 27. Qb7+ {Ben Ari,Y (2474)-Suleymanli,S (2305) Eforie Nord ROU 2025 ½-½ (46)}) 13. Nd2 Nxd2 14. Bxd2 e6 15. a5 Bd7 16. Qxb7 Qc8 17. a6 Bc6 18. Qxc8 Rfxc8 19. Rfb1 Rcb8 20. Bf4 Rb6 21. Rxb6 axb6 22. a7 Kf8 23. e3 Ke8 24. Bb8 Kd7 25. Ra6 b5 26. e4 Bf8 27. exd5 exd5 28. Rb6 Be7 29. Bf1 Bd8 30. Rxb5 Bc7 31. Rb3 Kc8 32. Ba6+ Kd7 33. Bb7 1-0

[Event "Titled Tue 5th Sep Early"]
[Site "chess.com INT"]
[Date "2023.09.05"]
[Round "7"]
[White "Anton Guijarro, D."]
[Black "So, W."]
[Result "1-0"]
[WhiteElo "2669"]
[BlackElo "2753"]
[PlyCount "83"]
[EventDate "2023.09.05"]

1. Nf3 c5 2. b3 d5 3. e3 Nc6 4. Bb2 a6 5. g3 Qc7 6. c4 dxc4 7. bxc4 Bf5 8. Nc3 e6 9. Nh4 Bg6 $146 ({RR} 9... Nh6 10. Nxf5 Nxf5 11. Bh3 Nd6 12. Qa4 O-O-O 13. O-O Kb8 14. Bg2 Ne5 15. Nd5 Qd7 16. Qc2 Nexc4 17. Nc3 Nxb2 18. Qxb2 Nc4 19. Qc2 Ka7 20. Rfd1 Be7 21. d3 Na3 22. Qb3 c4 23. dxc4 Qc7 24. Ne4 {Almasi,Z (2707)-Gaponenko,I (2437) Douglas 2017 1-0}) 10. Nxg6 hxg6 11. Ne4 Rd8 12. Bg2 Nh6 13. O-O Nf5 14. Rb1 Be7 15. Bc3 O-O 16. Qb3 Rb8 17. Qb6 Rfc8 18. Qxc7 Rxc7 19. Rb6 f6 20. Rfb1 Nd8 21. Rxa6 Kf7 22. a4 Rcc8 23. Rab6 Ra8 24. a5 Ra7 25. f4 Rc7 26. R6b5 Nd6 27. Nxd6+ Bxd6 28. g4 Ke7 29. Kf2 e5 30. f5 g5 31. Bd5 Kd7 32. Kf3 Nc6 33. Bxc6+ bxc6 34. Rb8 Rc8 35. Rxc8 Kxc8 36. h4 gxh4 37. Rh1 Bc7 38. Rxh4 Bxa5 39. Bxa5 Rxa5 40. Rh8+ Kb7 41. Rh7 Ra1 42. Rxg7+ 1-0

[Event "Titled Tue 5th Sep Early"]
[Site "chess.com INT"]
[Date "2023.09.05"]
[Round "8"]
[White "Visakh, N R"]
[Black "Tabatabaei, M."]
[Result "1-0"]
[WhiteElo "2535"]
[BlackElo "2685"]
[PlyCount "83"]
[EventDate "2023.09.05"]

1. Nf3 d5 2. b3 Nf6 3. Bb2 Bf5 4. g3 e6 5. Bg2 h6 6. O-O Be7 7. d3 O-O 8. Nbd2 a5 9. a3 c6 10. c4 Nbd7 11. Ra2 Bd6 12. Qa1 Bh7 13. Ne5 Nxe5 14. Bxe5 Re8 15. Nf3 Bxe5 16. Nxe5 Nd7 17. Nxd7 Qxd7 18. Rc1 d4 $146 ({RR} 18... Bg6 19. b4 Qd6 20. c5 Qe7 21. Qb2 axb4 22. axb4 Rxa2 23. Qxa2 e5 {½-½ (23) Shishkin,V (2425)-Vysochin,S (2494) Kiev 2021}) 19. b4 e5 20. b5 c5 21. Qb1 Rad8 22. b6 e4 23. Bxe4 Bxe4 24. dxe4 Re6 25. Rb2 Rde8 26. f3 f5 27. exf5 Rxe2 28. Rxe2 Rxe2 29. Re1 Qe7 30. Rxe2 Qxe2 31. Qe4 Qxc4 32. Qe8+ Kh7 33. Qg6+ Kh8 34. f6 Qg8 35. f7 Qf8 36. Qe6 g5 37. Qe5+ Kh7 38. Qe4+ Kg7 39. Qxb7 d3 40. Qd7 Qxf7 41. Qxf7+ Kxf7 42. Kf2 1-0

[Event "Titled Tue 5th Sep Early"]
[Site "chess.com INT"]
[Date "2023.09.05"]
[Round "9"]
[White "Anton Guijarro, D."]
[Black "Kosteniuk, A."]
[Result "1-0"]
[WhiteElo "2669"]
[BlackElo "2523"]
[PlyCount "69"]
[EventDate "2023.09.05"]

1. Nf3 d5 2. c4 d4 3. b4 Bg4 4. g3 Bxf3 5. exf3 a5 6. b5 Nd7 7. Bg2 Nc5 8. O-O Nf6 9. f4 e6 10. d3 Be7 11. Nd2 Nxd3 $146 ({RR} 11... O-O 12. Nb3 Nfd7 13. Bb2 Nxb3 14. axb3 Nc5 15. Re1 Qd7 16. Ba3 Rab8 17. Re5 b6 18. Bc6 Qd8 19. b4 Nd7 20. Re4 Nf6 21. bxa5 Bxa3 22. Rxa3 Nxe4 23. Bxe4 bxa5 24. Bc6 e5 25. f5 Qf6 26. Qf3 {Shevchenko,K (2649)-Carlsen,M (2859) chess24.com INT 2022 1-0 (46)}) 12. Bxb7 Nxc1 13. Bxa8 Qxa8 14. Rxc1 O-O 15. Qf3 Qa7 16. Rfd1 a4 17. Ne4 Nxe4 18. Qxe4 Rd8 19. f5 Qb6 20. fxe6 fxe6 21. Rd3 Bc5 22. Re1 Re8 23. Kg2 Qd6 24. h4 a3 25. h5 h6 26. f4 Re7 27. Qa8+ Kf7 28. Re5 Re8 29. Qe4 Re7 30. g4 Bb6 31. g5 Ke8 32. Qa8+ Kd7 33. Qxa3 Qxa3 34. Rxa3 Kd6 35. Ra6 1-0

[Event "Titled Tue 5th Sep Early"]
[Site "chess.com INT"]
[Date "2023.09.05"]
[Round "10"]
[White "Nihal, Sarin"]
[Black "Pranesh, M."]
[Result "1-0"]
[WhiteElo "2694"]
[BlackElo "2505"]
[PlyCount "117"]
[EventDate "2023.09.05"]

1. Nf3 Nf6 2. b3 d5 3. Bb2 c5 4. e3 a6 5. c4 Nc6 6. cxd5 Nxd5 7. Nc3 e6 ({RR} 7... Bf5 8. a3 e6 9. Rc1 Nxc3 10. Bxc3 Qd7 11. Be2 Be7 12. O-O O-O 13. Ne5 Nxe5 14. Bxe5 Rfd8 15. d4 f6 16. Bg3 cxd4 17. Rc7 Qe8 18. exd4 Rd7 19. Rxd7 Qxd7 20. Bc4 b5 21. Qf3 Rc8 22. Qxf5 {Theodorou,N (2619)-Le,Q (2731) chess.com INT 2023 0-1 (44)}) ({RR} 7... Ndb4 8. d3 e6 9. Be2 Be7 10. O-O O-O 11. Rc1 b5 12. a3 Nd5 13. Ne4 Qb6 14. Qc2 Na5 15. Nxc5 Bxc5 16. Qxc5 Qxc5 17. Rxc5 Nxb3 18. Rc2 Bb7 19. Nd4 Nxd4 20. Bxd4 Rac8 21. Rfc1 Rxc2 22. Rxc2 {Klekowski,M (2463)-Mayank,C (2425) chess.com INT 2024 1-0 (69)}) 8. a3 $146 ({RR} 8. Nxd5 Qxd5 9. Bc4 Qh5 10. Be2 Qg6 11. O-O Be7 12. Rc1 O-O 13. a3 b6 14. d4 Bb7 15. Bd3 Qh5 16. Be4 Rfd8 17. Ne5 Qxd1 18. Rfxd1 Na5 19. Bxb7 Nxb7 20. Nc6 Re8 21. dxc5 Nxc5 22. b4 Na4 {Janik,I (2539)-Omariev,M (2304) chess.com INT 2023 1-0 (61)}) 8... Be7 9. Qc2 O-O 10. h4 Bf6 11. Bd3 h6 12. Bh7+ Kh8 13. Be4 Bxc3 14. Bxc3 f5 15. Bd3 b5 16. Be2 Bb7 17. Bb2 Rc8 18. O-O e5 19. Bxe5 Nxe5 20. Nxe5 Kg8 21. h5 Qd6 22. Ng6 Rf7 23. Bf3 Qe6 24. Rac1 Nf6 25. Nf4 Qe5 26. Bxb7 Rxb7 27. d4 Qe4 28. dxc5 Qxc2 29. Rxc2 b4 30. axb4 Rxb4 31. Ra1 Rxb3 32. Rxa6 Rb1+ 33. Kh2 Ng4+ 34. Kg3 Nf6 35. c6 Ne4+ 36. Kf3 Rf1 37. g3 Kh7 38. Kg2 Rd1 39. Ra5 Rd6 40. Rxf5 Rdxc6 41. Rxc6 Rxc6 42. Rf8 Nf6 43. Kf3 Rc1 44. g4 Rc5 45. Ng6 Ng8 46. e4 Rc3+ 47. Ke2 Rc2+ 48. Kd3 Ra2 49. e5 Ra3+ 50. Kc2 Ra2+ 51. Kc3 Ra3+ 52. Kb4 Ra6 53. Kb5 Re6 54. f4 Rxg6 55. hxg6+ Kh8 56. e6 h5 57. e7 h4 58. Rxg8+ Kxg8 59. e8=Q# 1-0

[Event "Titled Tue 5th Sep Early"]
[Site "chess.com INT"]
[Date "2023.09.05"]
[Round "11"]
[White "Anton Guijarro, D."]
[Black "Martinez Alcantara, Jose Eduardo"]
[Result "1-0"]
[WhiteElo "2669"]
[BlackElo "2611"]
[PlyCount "207"]
[EventDate "2023.09.05"]

1. Nf3 Nf6 2. b3 g6 3. Bb2 Bg7 4. g3 O-O 5. Bg2 d6 6. d4 c6 7. O-O Bf5 8. Nfd2 ({RR} 8. Nbd2 d5 9. c4 Nbd7 10. e3 a5 11. cxd5 cxd5 12. Qe2 a4 13. bxa4 Rxa4 14. Rfc1 Qb6 15. Bc3 Rfa8 16. Nb3 Qa6 17. Qxa6 R4xa6 18. Bb4 Bf8 19. a3 e6 20. Bf1 R6a7 21. Bb5 Bg4 22. Kg2 Bxb4 {Kharlov,A (2604)-Bacrot,E (2712) Playchess.com INT 2004 1-0 (76)}) 8... d5 9. c4 Na6 10. Nc3 Qa5 $146 ({RR} 10... Qd7 11. Re1 Nb4 12. Rc1 Ng4 13. Nf3 Bh6 14. a3 Bxc1 15. Qxc1 Na6 16. e4 dxe4 17. Nxe4 Bxe4 18. Rxe4 f5 19. Re1 Nc7 20. Qc3 Nf6 21. Ne5 Qc8 22. Qe3 Ne6 23. d5 cxd5 24. Bxd5 Nxd5 25. cxd5 {Suarez Ramirez,J (1885)-Diaz Martin,C (1633) Spain 2020 1-0 (31)}) 11. a3 Rad8 12. b4 Qc7 13. cxd5 cxd5 14. Rc1 Qb8 15. Qb3 Nc7 16. a4 b5 17. axb5 Nxb5 18. Na4 Nd6 19. Nc5 Qb5 20. e3 Rb8 21. Bc3 Bd3 22. Rfd1 Bf5 23. Bf1 Qc6 24. Ra1 Ra8 25. Ra6 Qc7 26. Rda1 Rfb8 27. Qa4 Nc8 28. Qc6 Qd8 29. b5 Nd7 30. Qxd5 Ncb6 31. Qb3 e5 32. Rxa7 exd4 33. exd4 Nxc5 34. dxc5 Be6 35. Qb2 Bxc3 36. Qxc3 Nd5 37. Qd4 Rxa7 38. Rxa7 Qg5 39. Ne4 Qc1 40. Ra1 Qh6 41. Bc4 Qg7 42. Qxg7+ Kxg7 43. c6 Nc7 44. Bxe6 Nxe6 45. Rb1 Rb6 46. Nd6 Nc7 47. Re1 Kf8 48. h4 Nxb5 49. Rb1 Rxc6 50. Nxb5 Rc4 51. Nd6 Rd4 52. Nb5 Rc4 53. Kg2 h6 54. Rd1 Rc5 55. Nd6 Re5 56. Nc4 Rc5 57. Ne3 h5 58. Rd5 Rc6 59. Rd7 Ra6 60. Rb7 Rd6 61. Nc4 Re6 62. f4 Re2+ 63. Kf3 Rc2 64. Ne5 Rc3+ 65. Kg2 Rc2+ 66. Kh3 f6 67. Nxg6+ Kg8 68. Ne7+ Kf7 69. Nf5+ Kg6 70. Ne3 Re2 71. Nd5 Rd2 72. Ne7+ Kf7 73. Nf5+ Kg6 74. Ne7+ Kf7 75. Nc6+ Kg6 76. Rb6 Re2 77. Nd4 Re4 78. f5+ Kf7 79. Rb7+ Kg8 80. Ne6 Re5 81. Rb8+ Kh7 82. Nf4 Rxf5 83. Rd8 Kh6 84. Rd5 Re5 85. Rxe5 fxe5 86. Nd3 e4 87. Nf4 Kg7 88. Nxh5+ Kg6 89. g4 e3 90. Nf4+ Kf6 91. Kg3 Ke5 92. Kf3 Kd4 93. h5 e2 94. Nxe2+ Ke5 95. Ng3 Kf6 96. Kf4 Kg7 97. g5 Kh8 98. Nf5 Kg8 99. g6 Kh8 100. Kg5 Kg8 101. h6 Kh8 102. g7+ Kg8 103. Ne7+ Kh7 104. g8=Q# 1-0

[Event "Titled Tue 5th Sep Late"]
[Site "chess.com INT"]
[Date "2023.09.05"]
[Round "6"]
[White "Nihal, Sarin"]
[Black "Grigorov, G."]
[Result "1-0"]
[WhiteElo "2694"]
[BlackElo "2510"]
[PlyCount "111"]
[EventDate "2023.09.05"]

1. Nf3 Nf6 2. b3 b6 3. Bb2 Bb7 4. e3 e6 5. c4 c5 6. d4 cxd4 7. Nxd4 a6 ({RR} 7... Bb4+ 8. Bc3 Qe7 9. Nb5 O-O 10. Nc7 Bxc3+ 11. Nxc3 d5 12. Nxa8 Bxa8 13. cxd5 Nxd5 14. Nxd5 Bxd5 15. f3 Rd8 16. Qc2 Nc6 17. Kf2 Qf6 18. Rd1 Ne5 19. e4 Bb7 20. Rxd8+ Qxd8 21. Qc3 Ng6 22. Be2 {Nakamura,H (2794)-Yoo,C (2599) chess.com INT 2024 1-0}) ({RR} 7... Nc6 8. Nc3 Bb4 9. Qc2 O-O 10. O-O-O Qe7 11. Bd3 Ba3 12. Nxc6 Bxc6 13. Rhg1 a5 14. g4 Bf3 15. Rd2 Bxg4 16. Bxh7+ Nxh7 17. Rxg4 Nf6 18. Rg3 d5 19. cxd5 exd5 20. Nxd5 Bxb2+ 21. Qxb2 Qc5+ 22. Kb1 {Salman,I (2092)-Hajiyev,K (2160) chess.com INT 2025 1-0}) 8. Nd2 Be7 9. N2f3 $146 ({RR} 9. N4f3 O-O 10. Be2 d5 11. O-O Nbd7 12. Rc1 Rc8 13. cxd5 Nxd5 14. Nc4 b5 15. Nce5 Nxe5 16. Nxe5 Nf6 17. Bf3 Rxc1 18. Qxc1 Bxf3 {½-½ (18) Mach,P (2029)-Vltavsky,V (2189) Pardubice 2020}) 9... O-O 10. Be2 Qc7 11. O-O d6 12. Rc1 Nbd7 13. h3 Rac8 14. b4 Qb8 15. a3 Rfd8 16. Nd2 Ne5 17. N4f3 Ng6 18. Qb3 b5 19. cxb5 axb5 20. Qd3 Bc6 21. Nb3 e5 22. Qd1 h6 23. Na5 Be8 24. Nd2 Rxc1 25. Qxc1 Rc8 26. Qb1 Nh4 27. Rc1 Qa8 28. Nf3 Ng6 29. Rc2 Bd8 30. Nb3 Bb6 31. Qc1 Rxc2 32. Qxc2 Bd7 33. Nbd2 Bc6 34. Bf1 Qb7 35. Ne1 Ne7 36. Nb3 Bd7 37. Qd2 Qc7 38. Nc1 Nf5 39. Bd3 Nh4 40. Ne2 Qb7 41. Nc3 Ba7 42. Bf1 Bb8 43. Qd3 e4 44. Qe2 d5 45. Nxb5 Nh7 46. Nd4 Ng5 47. Qh5 Qc7 48. g3 Ng6 49. h4 Nh3+ 50. Bxh3 Bxh3 51. Qxd5 Nxh4 52. Nc6 Be6 53. Qd8+ Qxd8 54. Nxd8 Nf5 55. Nxe6 fxe6 56. b5 1-0

[Event "Titled Tue 5th Sep Late"]
[Site "chess.com INT"]
[Date "2023.09.05"]
[Round "7"]
[White "Paravyan, D."]
[Black "Ehlvest, J."]
[Result "1-0"]
[WhiteElo "2599"]
[BlackElo "2530"]
[PlyCount "39"]
[EventDate "2023.09.05"]

1. Nf3 d5 2. g3 c6 3. Bg2 Bg4 4. c4 e6 5. cxd5 exd5 6. Qb3 ({RR} 6. h3 Bxf3 7. Bxf3 Nd7 8. d3 Ngf6 9. Bg2 Bd6 10. O-O Qe7 11. Nc3 h5 12. e4 dxe4 13. dxe4 O-O-O 14. Qe2 h4 15. g4 Nh7 16. f4 g5 17. e5 Bc7 18. Kh1 gxf4 19. Bxf4 Nxe5 20. Rae1 f6 {Howell,D (2644)-Hovhannisyan,R (2630) London 2016 1-0 (61)}) 6... Qb6 7. Ne5 ({RR} 7. Qc2 Nd7 8. O-O Ngf6 9. d3 Bd6 10. Nc3 O-O 11. h3 Bh5 12. Be3 Qc7 13. Rac1 Bxf3 14. Bxf3 Bxg3 15. Nxd5 Nxd5 16. Bxd5 Bf4 17. Bxf4 Qxf4 18. e3 Qf6 19. Bg2 Ne5 20. Qe2 Ng6 21. d4 Nh4 {Akbas,K (1986)-Koksal,E (2337) Umraniye TUR 2023 1-0 (79)}) 7... Be6 8. Nc3 $146 ({RR} 8. d4 Qxb3 9. axb3 Nf6 10. O-O Nbd7 11. Nc3 Be7 12. Bg5 h6 13. Nxd7 Bxd7 14. Bxf6 Bxf6 15. e4 Bxd4 16. exd5 O-O 17. Rfd1 Bxc3 18. bxc3 Rfd8 19. dxc6 Bxc6 20. Rxd8+ Rxd8 21. Bxc6 bxc6 22. Rxa7 Rd3 {Cerrajeria Ruiz,J (2235)-Javierre Conesa,A Aragon 1998 1-0 (41)}) 8... Bd6 9. d4 Ne7 10. Bf4 Qxb3 11. axb3 f6 12. Nxc6 Nbxc6 13. Bxd6 Nxd4 14. O-O Nxb3 15. Ra4 Nf5 16. Ba3 Kf7 17. Nxd5 Rhc8 18. Nf4 Rc7 19. Nxe6 Kxe6 20. Bh3 1-0

[Event "Titled Tue 5th Sep Late"]
[Site "chess.com INT"]
[Date "2023.09.05"]
[Round "8"]
[White "Artemiev, V."]
[Black "Durarbayli, Vasif"]
[Result "1-0"]
[WhiteElo "2697"]
[BlackElo "2625"]
[PlyCount "79"]
[EventDate "2023.09.05"]

1. Nf3 c5 2. b3 d5 3. e3 a6 4. Bb2 Nc6 5. d4 Nf6 6. Be2 Bg4 7. Nbd2 e6 8. O-O cxd4 9. Nxd4 Bxe2 10. Qxe2 Be7 11. c4 Nxd4 12. Bxd4 O-O 13. Rad1 $146 ({RR} 13. Nf3 dxc4 14. Qxc4 Rc8 15. Qe2 Qa5 16. h3 Nd5 17. Ne5 f6 18. Nc4 Qd8 19. Rad1 b5 20. Nd2 Qa5 21. Ne4 Rfd8 22. Qg4 Rc6 23. Rc1 Rdc8 24. Rxc6 Rxc6 25. Qh5 Rc8 26. Kh2 Qxa2 27. Qg4 Rc6 {Antoniou,R (2051)-Shevchenko,Y (2064) chess.com INT 2024 0-1 (42)}) ({RR} 13. Rfd1 Rc8 14. e4 dxe4 15. Nxe4 Qc7 16. Nxf6+ Bxf6 17. Bxf6 gxf6 18. Qg4+ Kh8 19. Qf3 Qe7 20. Rd4 Rfd8 21. Rh4 f5 22. Qc3+ f6 23. Re1 Rd6 24. g3 Rcd8 25. Qf3 Qf7 26. Re3 Rd2 27. a4 Rb2 {Nakamura,H (2802)-Durarbayli,V (2622) chess.com INT 2024 1-0 (35)}) 13... Qa5 14. cxd5 exd5 15. Bxf6 Bxf6 16. Nf3 Rac8 17. g3 g6 18. Rd3 Rc5 19. Rfd1 Rfc8 20. Kg2 Kg7 21. R1d2 Bc3 22. Rc2 Bf6 23. Qd2 Qa3 24. Rxc5 Rxc5 25. Rxd5 Rxd5 26. Qxd5 b5 27. Qd2 Bb2 28. Ne1 b4 29. Nc2 Qxa2 30. Qxb4 Bf6 31. Qc4 a5 32. Ne1 h5 33. Nd3 Qe2 34. h3 Qd1 35. Nf4 Qd7 36. Qd5 Qc7 37. Nd3 Qc3 38. Nc5 Qc2 39. Nb7 Bc3 40. Nd6 1-0

[Event "Titled Tue 5th Sep Late"]
[Site "chess.com INT"]
[Date "2023.09.05"]
[Round "11"]
[White "Nihal, Sarin"]
[Black "Indjic, A."]
[Result "1-0"]
[WhiteElo "2694"]
[BlackElo "2606"]
[PlyCount "115"]
[EventDate "2023.09.05"]

1. Nf3 Nf6 2. b3 e6 3. Bb2 Be7 4. e3 d5 5. c4 O-O 6. Nc3 b6 7. cxd5 exd5 8. g3 Bb7 9. Bg2 a6 10. O-O Re8 11. Ne2 Nbd7 12. Rc1 Bf8 13. Rc2 g6 $146 ({RR} 13... Rc8 14. Nf4 a5 15. a4 Ba6 16. Nd4 Ne5 17. Nc6 Nxc6 18. Rxc6 Bxf1 19. Kxf1 Bd6 20. Bxf6 Qxf6 21. Nxd5 Qf5 22. d4 Rcd8 23. Kg1 h5 24. Nc3 h4 25. g4 Bxh2+ 26. Kf1 Qd7 27. Bd5 Bd6 28. e4 {Hujbert,F (2411)-Bokros,A (2447) Hungary HUN 2023 0-1 (31)}) 14. Qa1 c5 15. d4 Ne4 16. Rfc1 h5 17. h4 Rc8 18. Bh3 Rc7 19. Nf4 Ndf6 20. dxc5 bxc5 21. Be5 Rc6 22. Rd1 Rb6 23. Bxf6 Nxf6 24. Ng5 a5 25. Bg2 Qa8 26. Rcd2 Rd6 27. Qb1 Bg7 28. Qc2 Rc8 29. Nxf7 Kxf7 30. Qxg6+ Kg8 31. Nxh5 Rc7 32. Rxd5 Bxd5 33. Bxd5+ Nxd5 34. Qxd6 Nxe3 35. fxe3 Qf3 36. Qd5+ Qxd5 37. Rxd5 Bc3 38. Nf4 c4 39. bxc4 Rxc4 40. Ne2 Bb4 41. a3 Bc5 42. Kf2 a4 43. Rd3 Rc2 44. Rc3 Rxc3 45. Nxc3 Bxa3 46. Nxa4 Bd6 47. Nc3 Kf7 48. Kf3 Be5 49. Ne4 Ke6 50. g4 Kf7 51. Nf2 Kg6 52. Nd3 Bd6 53. Nf4+ Kf6 54. Nd3 Bb8 55. e4 Ke6 56. g5 Bc7 57. Kg4 Bd8 58. h5 1-0